000 00416pab a2200157 454500
008 180718b2002 xxu||||| |||| 00| 0 eng d
100 _aKaur, Rajinder
245 _aPunjab Vidhan Sabha elections 2002 : a pre-election analysis
260 _c2002
300 _ap.19-21.
362 _a16 Feb
650 _aPunjab. Legislative Assembly - Elections
650 _aElections
773 _aMainstream
909 _a51986
999 _c51986
_d51986